| 000 | 00915nam a2200205Ia 4500 | ||
|---|---|---|---|
| 999 |
_c38783 _d38783 |
||
| 001 | 5132 | ||
| 003 | GE_BSU | ||
| 005 | 20190524162304.0 | ||
| 008 | 181216s1969||||ge |||||||||||||| ||geo|| | ||
| 040 | _cGE_BSU | ||
| 041 | _ageo | ||
| 080 | _a693.002(072) ჩ-76 | ||
| 100 |
_aჩოგოვაძე, დ. _9840 |
||
| 245 |
_aსამშენებლო მანქანების ამოცანათა კრებული : _bდამხმ. სახელმძღვ. / _cდ. ჩოგოვაძე ; რედ. ზ. ჯიბლაძე. |
||
| 264 |
_aთბილისი : _bგანათლება, _c1969. |
||
| 300 |
_a70 გვ. : _bილ. ; _c20 სმ. |
||
| 653 | _aსამშენებლო მანქანების ამოცანათა კრებული | ||
| 700 |
_aჯიბლაძე, ზ. _eრედაქტორი _91588 |
||
| 942 |
_cBK _2udc |
||